00668nam a2200217Ia 450000500170000000800410001702000150005804000190007304100120009208200160010410000240012024500730014426000480021730000370026550400500030263000200035263000200037265000290039265100190042185000100044020220714115856.0131103s9999 xx 000 0 und d a071003248X aLoreto College aEnglish a307.76bDIC aDickinson,Robert E. aCity and regionb a geographical interpretation cRobert E.Dickinson aLondonbRoutledge and Kegan Paul Ltd.c1964 axx,588.13p.b illus.,fig.,tables aIncludes bibliographical references and index aCity and Region aHuman Geography aCulture and Institutions aSocial Science aLCLIB